00748cam a22001937a 4500003000500000005001700005008004100022010001000063011001000073035001000083040000900093100003000102245006600132260008600198300001800284490010900302650003400411830010900445CHAP20220329134133.0971013s1973 r 00010 d a15969 a16941 a21023 cCHAP00aGuevara Calderón, Luis.13aEl cultivo de la caña de azúcar en la región del Balsas aMéxico, D.F., :bInstituto para el Mejoramiento de la Caña de Azúcar,c1973 a23 p.b: ilus 0aInstituto para el Mejoramiento de la Caña de Azúcar. Serie recomendaciones. Circularv; 2 (regional)14aCaña de azúcarzMéxico.0 aInstituto para el Mejoramiento de la Caña de Azúcar. Serie recomendaciones. Circularv; 2 (regional)